000 01091nam a2200277Ia 4500
003 OSt
005 20221005105553.0
006 a|||||r|||| 00| 0
007 ta
008 221004b |||||||| |||| 00| 0 hin d
020 _a9788183612562 (hbk)
_cINR 550.00
024 _a35117
037 _bBR-3116, 15/09/2017, Rajkamal Prakashan Pvt. Ltd.
_cTextual
040 _aCRL
_cCRL
_bhin
041 _2hin
_ahin
082 _aO152:g, P8
100 _aउपाध्याय, करूणाशंकर, ले.
245 0 _aहिन्दी का विश्व सन्दर्भ
246 _aHindī kā vishva sandarbha
260 _aनई दिल्ली
_bराधाकृष्ण प्रकाशन भारत
_c2016
300 _a187पृ0
_ccm.
650 _a हिन्दी आलोचना
650 _aहिन्दी साहित्य
942 _hO152:g, P8
_cTEXL
_2cc
999 _c1016202
_d1016202